000 00832cab a2200277 4500
001 ABS51394
008 090401t1994 xxu||||| |||| 00| 0 eng d
035 _a(Sirsi) u24703
041 _aeng
100 _aGriffiths, M.
245 _aMissed chance
260 _c1994
350 _a0
490 _aMortgage Finance
_vSeptember 1994, 51(1)
520 _aExamines the law relating to lender`s responsibility for polluted land covering Environmental Protection Act 1990 and Water Resources Act 1991.
650 _aCLEAN-UP COSTS
650 _aCONTAMINATED LAND
650 _aENVIRONMENTAL PROTECTION ACT 1990
650 _aLENDER LIABILITY
650 _aLIABILITY
650 _aPOLLUTION
650 _aWATER RESOURCES ACT 1991
690 _aENVIRONMENTAL AND LAND CONSULTANCY
942 _n0
948 _c04/03/1997
999 _c16572
_d16572